| 000 | 00376cam a2200145ua 4500 | ||
|---|---|---|---|
| 041 |
_ahin _h |
||
| 082 |
_a891.54 _bVIL/AV |
||
| 100 | _aVilokinnarayan dekshit, . | ||
| 245 |
_aAvadhi and usaka sathiya / _cVilokinarayan deskhit. _hTextual Documents |
||
| 260 |
_a : _bRajkamal Prakashan , _c1951. |
||
| 300 | _a140 ; . | ||
| 504 | _a | ||
| 942 | _cBK | ||
| 999 |
_c11940 _d11940 |
||